|
|
|
|
| LEADER |
00000nkm a2200000 a 4500 |
| 001 |
vtls011988715 |
| 003 |
SK-MaSNL |
| 005 |
20260512130059.0 |
| 007 |
kp ho |
| 008 |
230706q1912 xo g kuhun |
| 015 |
|
|
|a SNBG1912
|
| 035 |
|
|
|a urn:nbn:sk:snk-km00fchd
|
| 035 |
|
|
|a urn:nbn:sk:snk-km45txz
|
| 035 |
|
|
|a F77E4B2C-BA47-4C17-8C4A-6F4BFB49E97A
|
| 040 |
|
|
|a SNK
|b slo
|c SNK
|e AACR2
|
| 041 |
0 |
|
|a hun
|
| 043 |
|
|
|a e-xo---
|
| 044 |
|
|
|a xo
|c SK
|
| 072 |
|
7 |
|a 913
|x Regionálna geografia
|2 konspekt
|
| 080 |
|
|
|a 913(437.6)
|2 2011
|
| 080 |
|
|
|a 908(437.6)
|2 2011
|
| 080 |
|
|
|a 721
|2 2011
|
| 080 |
|
|
|a 556.53
|2 2011
|
| 080 |
|
|
|a 904(084.121)
|2 2011
|
| 080 |
|
|
|a 728.81
|2 2011
|
| 080 |
|
|
|a 726:27-523.42
|2 2011
|
| 080 |
|
|
|a 94(084.121)
|2 2011
|
| 245 |
0 |
0 |
|a Beszterczebánya
|h grafika
|
| 260 |
|
|
|a [Slovensko?]
|b [vydavateľ neznámy]
|c [1912?]
|
| 300 |
|
|
|a 1 pohľadnica
|b kolorovaná
|c 9 x 14 cm
|
| 500 |
|
|
|a Názvové údaje prevzaté z obrazovej časti pohľadnice
|
| 520 |
8 |
|
|a Zobrazenie: Pohľad z ľavého brehu na rieku, cez ktorú v pozadí vedie most. Na ľavom brehu v popredí sú stromy a pod nimi sa pasú dva kone. V pozadí je ľavý breh lemovaný domami a v diaľke je nad nimi vidieť vež kostola Nanebovzatia Panny Márie a vež mestského hradu. Pravý breh je lemovaný kríkmi a v pozadí stromami. V pozadí na zalesnenom svahu vpravo je dom
|
| 610 |
2 |
7 |
|a Kostol Nanebovzatia Panny Márie (Banská Bystrica, Slovensko)
|2 SNKKA
|9 171768
|
| 610 |
1 |
7 |
|a Banská Bystrica (Slovensko : hrad)
|2 SNKKA
|9 165891
|
| 650 |
0 |
7 |
|a rieky
|2 SNKPH
|9 29644
|
| 650 |
0 |
7 |
|a budovy
|2 SNKPH
|9 1283
|
| 650 |
0 |
7 |
|a kostoly
|2 SNKPH
|9 3023
|
| 650 |
0 |
7 |
|a hrady
|2 SNKPH
|9 3039
|
| 650 |
0 |
7 |
|a kultúrne pamiatky
|2 SNKPH
|9 2862
|
| 651 |
|
7 |
|a Banská Bystrica (Slovensko)
|2 SNKPHgeo
|9 22015
|
| 651 |
|
7 |
|a Hron (Slovensko : rieka)
|2 SNKPHgeo
|9 175618
|
| 655 |
|
7 |
|a miestne pohľadnice
|2 SNKPH
|9 70510
|
| 655 |
|
7 |
|a geografické pohľadnice
|2 SNKPH
|9 70522
|
| 655 |
|
7 |
|a pohľadnice kultúrnych pamiatok
|2 SNKPH
|9 70523
|
| 655 |
|
7 |
|a historické pohľadnice
|2 SNKPH
|9 159703
|
| 852 |
|
|
|a Slovenská národná knižnica
|
| 958 |
|
|
|a GBN
|
| 958 |
|
|
|a ONDV
|
| 958 |
|
|
|a GC
|
| 999 |
|
|
|c 1124342
|d 1126272
|
| 952 |
|
|
|a SNK
|b SNK
|y PREZ
|7 0
|p 17A1436703
|o snkSP 64694
|z Pohľadnica prešla poštou.
|0 0
|1 0
|4 0
|d 2020-08-24
|f 1
|l 0
|r 2026-02-24 18:41:49
|w 2026-02-24
|